000 00465nam a2200169Ia 4500
999 _c35155
_d35155
003 OSt
005 20211101103014.0
008 190216s9999||||xx |||||||||||||| ||und||
040 _coclc
082 _a039
_bJOH/V
100 _aJohn, Koshy P
_98297
245 0 _aVijnana Mandalam /
_cKoshy P John
260 _bVidyarthimithram,
_c1967.
_aKottayam:
300 _a800p
650 _aEncyclopaedia
942 _cREF
_2ddc
_h039
_iJOH/V
_k039
_mJOH/V